| 000 | 00585nam a2200205Ia 4500 | ||
|---|---|---|---|
| 005 | 20250508150544.0 | ||
| 008 | 008 250505s9999 xx 000 0 eng d | ||
| 037 | _aReference | ||
| 040 |
_aFEDL _beng _cFEDL |
||
| 041 |
_aeng _2eng |
||
| 084 |
_a155.4, RAN _qFEDL |
||
| 100 |
_aRand Winifred _9757004 |
||
| 245 | 0 | _aGrowth and development of the young child | |
| 250 | _a4th | ||
| 260 |
_aLondon, UK _bW B Saunders Company _c1946 |
||
| 300 | _avii,481p. | ||
| 700 |
_a Sweeny Mary E Vincent E Lee _9757005 |
||
| 942 |
_cREF _h155.4, RAN |
||
| 999 |
_c1324235 _d1324235 |
||